Can capitalism survive?

Bibliographic Details
Main Author: Rogge, Benjamin A.
Corporate Authors: Principles of Freedom Committee., ProQuest (Firm)
Format: Electronic eBook
Language:English
Published: Indianapolis : Liberty Fund, c1979.
Subjects:
Online Access:Click to View
LEADER 01753nam a2200433 a 4500
001 EBC3327339
003 MiAaPQ
005 20200520144314.0
006 m o d |
007 cr cn|||||||||
008 790411s1979 inu sb 001 0 eng d
010 |z  78017378  
020 |z 0913966460 : 
020 |z 0913966479 (pbk.) 
020 |z 9780913966471 
020 |a 9781614878575 (electronic bk.) 
035 |a (MiAaPQ)EBC3327339 
035 |a (Au-PeEL)EBL3327339 
035 |a (CaPaEBR)ebr10663091 
035 |a (CaONFJC)MIL463173 
035 |a (OCoLC)842854352 
040 |a MiAaPQ  |c MiAaPQ  |d MiAaPQ 
050 4 |a HB501  |b .R674 1979 
082 0 4 |a 330.12/2  |2 22 
100 1 |a Rogge, Benjamin A. 
245 1 0 |a Can capitalism survive?  |h [electronic resource] /  |c Benjamin A. Rogge. 
260 |a Indianapolis :  |b Liberty Fund,  |c c1979. 
300 |a 329 p. 
500 |a "A publication of the Principles of Freedom Committee." 
504 |a Includes bibliographical references and index. 
505 0 |a pt. 1. Can capitalism survive? -- pt. 2. The philosophy of freedom -- pt. 3. On the nature of economics -- pt. 4. On the business system -- pt. 5. On labor markets -- pt. 6. On money and inflation -- pt. 7. On the problems of cities -- pt. 8. On education -- pt. 9. On what to do. 
533 |a Electronic reproduction. Ann Arbor, MI : ProQuest, 2015. Available via World Wide Web. Access may be limited to ProQuest affiliated libraries. 
650 0 |a Capitalism. 
650 0 |a Economics. 
650 0 |a Free enterprise. 
655 4 |a Electronic books. 
710 2 |a Principles of Freedom Committee. 
710 2 |a ProQuest (Firm) 
856 4 0 |u https://ebookcentral.proquest.com/lib/matrademy/detail.action?docID=3327339  |z Click to View